Multiple Choice City Quiz - Ottawa - Statistics

General Stats
  • This quiz has been taken 62 times
  • The average score is 7 of 10
Answer Stats
Question Answer % Correct
Ottawa is located in which Canadian province? Ontario
94%
What is the name of the Canadian Parliament building complex in Ottawa? Parliament Hill
94%
What is the name of the Ottawa NHL team? Senators
93%
Ottawa shares a metropolitan area with which city in Quebec? Gatineau
85%
What is the name of the historic market area in downtown Ottawa? ByWard Market
78%
What UNESCO World Heritage Site in Ottawa was built to connect Ottawa to Lake Ontario? Rideau Canal
76%
What is the name of the prominent tower on ^? Peace Tower
72%
In what year was Ottawa officially chosen as the capital of Canada? 1857
61%
Which river runs through Ottawa? Ottawa River
24%
What was Ottawa originally called before it became the capital? Upper Toronto
6%
No matching quizzes found
Score Distribution
Percent of People with Each Score
Percentile by Number Answered
Your Score History
You have not taken this quiz